Echocardiography in heart failure and cardio Electrophysiology (Record no. 2854)

MARC details
000 -LEADER
fixed length control field 00380nam a22001337a 4500
008 - FIXED-LENGTH DATA ELEMENTS--GENERAL INFORMATION
fixed length control field 250404b |||||||| |||| 00| 0 eng d
020 ## - INTERNATIONAL STANDARD BOOK NUMBER
ISBN 9789535127383
245 ## - TITLE STATEMENT
Title Echocardiography in heart failure and cardio Electrophysiology
260 ## - PUBLICATION, DISTRIBUTION, ETC. (IMPRINT)
Place of publication Rijeka Croatia
Name of publisher Intechopen
Date of publication 2016
300 ## - COLLATION
Pagination viii,208p
650 ## - TRACINGS
Main Subject Heart Diseases
Subdivision (1st) Cardiology
942 ## - ADDED ENTRY ELEMENTS (KOHA)
Item type Books
050 ## - LIBRARY OF CONGRESS CALL NUMBER
Classification number RC681
Item number .E24
Holdings
Source of classification or shelving scheme Not for loan Permanent location Current location Date acquired Accession No. Full call number Barcode. Koha item type
Library of Congress Classification   Medical Library Medical Library 04/04/2025 2024/64045 RC681.E24 2025-1178 Books